| 000 | 00403pab a2200145 454500 | ||
|---|---|---|---|
| 008 | 180718b1987 xxu||||| |||| 00| 0 eng d | ||
| 100 | _aDigiacome, Gordon | ||
| 245 | _aTrade unions and the reform of the quality of work life | ||
| 260 | _c1987 | ||
| 300 | _a399-414 | ||
| 362 | _aOct. | ||
| 650 | _aLabour Relations - U.S.A. | ||
| 773 | _aAmerican Journal of Economics and Sociology | ||
| 909 | _a11949 | ||
| 999 |
_c11949 _d11949 |
||